000 00576nam a2200181Ia 4500
008 090124s9999 xx 000 0 und d
082 _b204955
100 _aसिंह गुरुचरण
245 _a जीवन की पाठशाला
250 _a1
260 _bसिंह कुलदीप
_c1999
300 _a144
600 _aसिंह गुरुचरण
630 _a जीवन की पाठशाला
700 _aसिंह गुरुचरण
730 _a जीवन की पाठशाला
942 _cBOOK
999 _c186536
_d186536